| 000 | 00395cam a2200157ua 4500 | ||
|---|---|---|---|
| 041 |
_aeng _h |
||
| 082 |
_a823.308 _bSMI/RO |
||
| 100 | _aSmith, Egerton . | ||
| 245 |
_aRobinson Crusoe / _cEgerton Smith. _hTextual Documents |
||
| 250 |
_a1 / _b. |
||
| 260 |
_aMumbai : _bK & J Cooper educational publishers , _c1955. |
||
| 300 | _a152 ; . | ||
| 504 | _a | ||
| 942 | _cBK | ||
| 999 |
_c6848 _d6848 |
||